000 00370nam a22001577a 4500
005 20180202104648.0
008 160524b xxu||||| |||| 00| 0 eng d
020 _a978-81-7758-165-2
041 _aeng
082 _b4519
_a004.6
245 _aComputer Networks
260 _aNew Delhi
_bAcademic Faundation
300 _a868
650 _aManagement
_9241
942 _cBK
999 _c1517
_d1516